Anger management. (Record no. 775)
[ view plain ]
| 000 -LEADER | |
|---|---|
| fixed length control field | 02676cgm a2200553Ia 4500 |
| 003 - CONTROL NUMBER IDENTIFIER | |
| control field | data |
| 005 - DATE AND TIME OF LATEST TRANSACTION | |
| control field | 20260322212033.0 |
| 007 - PHYSICAL DESCRIPTION FIXED FIELD--GENERAL INFORMATION | |
| fixed length control field | data |
| 008 - FIXED-LENGTH DATA ELEMENTS--GENERAL INFORMATION | |
| fixed length control field | data |
| 020 ## - INTERNATIONAL STANDARD BOOK NUMBER | |
| International Standard Book Number | 1404937781 |
| 020 ## - INTERNATIONAL STANDARD BOOK NUMBER | |
| International Standard Book Number | 9781404937789 |
| 024 1# - OTHER STANDARD IDENTIFIER | |
| Standard number or code | 043396014909 |
| 028 41 - PUBLISHER OR DISTRIBUTOR NUMBER | |
| Publisher or distributor number | 01490 |
| Source | Columbia TriStar Home Entertainment |
| 040 ## - CATALOGING SOURCE | |
| Original cataloging agency | TEFMT |
| Transcribing agency | TEFMT |
| Modifying agency | URB |
| -- | UVU |
| -- | IHI |
| -- | RCS |
| -- | URB |
| 041 1# - LANGUAGE CODE | |
| Language code of text/sound track or separate title | fre |
| -- | fre |
| Language code of summary or abstract | fre |
| -- | fre |
| Language code of original | eng |
| 082 04 - DEWEY DECIMAL CLASSIFICATION NUMBER | |
| Classification number | 791.43/72 |
| Edition information | 22 |
| 090 ## - LOCALLY ASSIGNED LC-TYPE CALL NUMBER (OCLC); LOCAL CALL NUMBER (RLIN) | |
| Classification number (OCLC) (R) ; Classification number, CALL (RLIN) (NR) | DVD 587 |
| 001 - CONTROL NUMBER | |
| control field | data |
| 245 10 - TITLE STATEMENT | |
| Title | Anger management. |
| Medium | [videorecording] / |
| Statement of responsibility, etc. | Peter Segal ... [et al.]. |
| 250 ## - EDITION STATEMENT | |
| Edition statement | Full screen special ed. |
| 260 ## - PUBLICATION, DISTRIBUTION, ETC. | |
| Place of publication, distribution, etc. | Culver City, Calif. : |
| Name of publisher, distributor, etc. | Columbia TriStar Home Entertainment, |
| Date of publication, distribution, etc. | c2003. |
| 300 ## - PHYSICAL DESCRIPTION | |
| Extent | 1 videodisc (ca. 106 min.) : |
| Other physical details | sd., col. ; |
| Dimensions | 4 3/4 in. |
| 500 ## - GENERAL NOTE | |
| General note | Videodisc release of the 2003 motion picture. |
| 500 ## - GENERAL NOTE | |
| General note | Special features: feature-length commentary by Adam Sandler & director Peter Segal; "Skull session" behind-the-scenes featurette; "My buddy, Jack" featurette; deleted scenes; gag reel; "Do you have anger problems" game; bonus trailer; animated menus. |
| 508 ## - CREATION/PRODUCTION CREDITS NOTE | |
| Creation/production credits note | Director of photography, Donald M. McAlpine ; editor, Jeff Gourson ; music, Teddy Castellucci ; costume designer, Ellen Lutter ; production designer, Alan Au. |
| 511 1# - PARTICIPANT OR PERFORMER NOTE | |
| Participant or performer note | Adam Sandler, Jack Nicholson, Marisa Tomei, Luis Guzman, Allen Covert, Lynne Thigpen, Woody Harrelson, John Turturro. |
| 520 ## - SUMMARY, ETC. | |
| Summary, etc. | After a misunderstanding aboard an airplane escalates out of control, businessman Dave Buznik is ordered by the court to undergo anger management therapy at the hands of specialist Dr. Rydell. When the doctor steps up his aggressive treatment by moving in, he wreaks havoc with Dave's life and Dave must decide whether or not to take a stand. |
| 521 8# - TARGET AUDIENCE NOTE | |
| Target audience note | MPAA rating: PG-13; for crude sexual content and language. |
| 538 ## - SYSTEM DETAILS NOTE | |
| System details note | DVD; Dolby digital 5.1; region 1 encoding. |
| 546 ## - LANGUAGE NOTE | |
| Language note | English or French soundtrack with optional English or French subtitles; closed-captioned. |
| 650 #0 - SUBJECT ADDED ENTRY--TOPICAL TERM | |
| Topical term or geographic name entry element | Therapist and patient |
| Form subdivision | Drama. |
| 650 #0 - SUBJECT ADDED ENTRY--TOPICAL TERM | |
| Topical term or geographic name entry element | Anger |
| Form subdivision | Drama. |
| 650 #0 - SUBJECT ADDED ENTRY--TOPICAL TERM | |
| Topical term or geographic name entry element | Self-management (Psychology) |
| Form subdivision | Drama. |
| 653 ## - INDEX TERM--UNCONTROLLED | |
| Uncontrolled term | Drame. |
| -- | Drame. |
| 655 #0 - INDEX TERM--GENRE/FORM | |
| Genre/form data or focus term | Feature films. |
| 655 #0 - INDEX TERM--GENRE/FORM | |
| Genre/form data or focus term | Comedy films. |
| 655 #0 - INDEX TERM--GENRE/FORM | |
| Genre/form data or focus term | Video recordings for the hearing impaired. |
| 700 1# - ADDED ENTRY--PERSONAL NAME | |
| Personal name | Segal, Peter. |
| 700 1# - ADDED ENTRY--PERSONAL NAME | |
| Personal name | Sandler, Adam. |
| 700 1# - ADDED ENTRY--PERSONAL NAME | |
| Personal name | Nicholson, Jack. |
| 700 1# - ADDED ENTRY--PERSONAL NAME | |
| Personal name | Tomei, Marisa. |
| 700 1# - ADDED ENTRY--PERSONAL NAME | |
| Personal name | Guzmán, Luis. |
| 700 1# - ADDED ENTRY--PERSONAL NAME | |
| Personal name | Harrelson, Woody. |
| 700 1# - ADDED ENTRY--PERSONAL NAME | |
| Personal name | Turturro, John, |
| Dates associated with a name | 1957- |
| 710 2# - ADDED ENTRY--CORPORATE NAME | |
| Corporate name or jurisdiction name as entry element | Revolution Studios. |
| 710 2# - ADDED ENTRY--CORPORATE NAME | |
| Corporate name or jurisdiction name as entry element | Happy Madison (Firm) |
| 710 2# - ADDED ENTRY--CORPORATE NAME | |
| Corporate name or jurisdiction name as entry element | Columbia TriStar Home Entertainment (Firm) |
| 856 41 - ELECTRONIC LOCATION AND ACCESS | |
| Uniform Resource Identifier | <a href="https://m.media-amazon.com/images/I/71GPcBctsIL._AC_UY218_ML3_.jpg">https://m.media-amazon.com/images/I/71GPcBctsIL._AC_UY218_ML3_.jpg</a> |
| Withdrawn status | Lost status | Damaged status | Not for loan | Home library | Current library | Shelving location | Date acquired | Total checkouts | Full call number | Barcode | Date last seen | Price effective from | Koha item type |
|---|---|---|---|---|---|---|---|---|---|---|---|---|---|
| Springfield | Springfield | General stacks | 22/03/2026 | 791.43/72 22 | BC0010795 | 22/03/2026 | 22/03/2026 | Books |